[Event "World Senior chT-50 2019"]
[Site "Rhodes"]
[Date "2019.04.24"]
[Round "9.6"]
[White "Minasian, Artashes"]
[Black "Garcia Palermo, Carlos"]
[Result "1-0"]
[WhiteElo "2472"]
[BlackElo "2407"]
[Annotator "ChessBase"]
[PlyCount "75"]
[EventDate "2019.04.16"]
[EventType "team-tourn"]
[EventCountry "GRE"]
[SourceTitle "playchess.com"]
[Source "ChessBase"]
[SourceQuality "1"]
[WhiteTeam "Armenia"]
[BlackTeam "Italy"]
[WhiteTeamCountry "ARM"]
[BlackTeamCountry "ITA"]
[TimeControl "40/5400+30:1800+30"]

1. g3 {[%emt 0:00:00]} e5 {[%emt 0:01:13]} 2. c4 {[%emt 0:00:05]} Nf6 {[%emt 0:00:10]} 3. Bg2 {[%emt 0:00:06]} d5 {[%emt 0:00:26]} 4. cxd5 {[%emt 0:00:05]} Nxd5 {[%emt 0:00:03]} 5. Nc3 {[%emt 0:00:11]} Nb6 {[%emt 0:00:05]} 6. Nf3 {[%emt 0:00:29]} Nc6 {[%emt 0:00:16]} 7. O-O {[%emt 0:00:12]} Be7 {[%emt 0:00:09]} 8. d3 {[%emt 0:00:10]} O-O {[%emt 0:00:30]} 9. Be3 {[%emt 0:00:17]} Re8 {[%emt 0:01:32]} 10. a4 {[%emt 0:02:10]} a5 {[%emt 0:00:49]} 11. Rc1 {[%emt 0:00:26]} Bf8 {[%emt 0:01:05]} 12. d4 {[%emt 0:00:57]} exd4 {[%emt 0:33:15]} 13. Nxd4 {[%emt 0:00:07]} Nxd4 {[%emt 0:00:31]} 14. Qxd4 {[%emt 0:00:17]} Qxd4 {[%emt 0:00:18]} 15. Bxd4 {[%emt 0:00:04]} c5 {[%emt 0:00:13]} 16. Be3 {[%emt 0:00:05]} Nc4 {[%emt 0:00:08]} 17. Bf4 {[%emt 0:00:29]} Nxb2 {[%emt 0:06:05]} 18. Rc2 {[%emt 0:01:30]} Nc4 {[%emt 0:05:57]} 19. Nd5 {[%emt 0:00:20]} Na3 {[%emt 0:00:13]} 20. Rc3 {[%emt 0:03:19]} c4 {[%emt 0:00:38]} 21. Nc7 {[%emt 0:04:13]} Bd7 {[%emt 0:02:35]} 22. Nxa8 {[%emt 0:00:20]} Rxa8 {[%emt 0:00:05]} 23. Ra1 {[%emt 0:02:06]} Bxa4 {[%emt 0:00:23]} 24. Rcxa3 {[%emt 0:01:09]} Bxa3 {[%emt 0:00:06]} 25. Rxa3 {[%emt 0:00:04]} Bb3 {[%emt 0:00:28]} 26. Bxb7 {[%emt 0:01:33]} Ra7 {[%emt 0:00:04]} 27. Bd5 {[%emt 0:00:14]} a4 {[%emt 0:00:21]} 28. e4 {[%emt 0:00:22]} h6 {[%emt 0:01:48]} 29. h4 {[%emt 0:02:02]} Rd7 {[%emt 0:01:10]} 30. Kf1 {[%emt 0:00:42]} Kf8 {[%emt 0:00:11]} 31. Ke2 {[%emt 0:00:48]} f5 {[%emt 0:00:23]} 32. f3 {[%emt 0:00:05]} fxe4 {[%emt 0:00:40]} 33. fxe4 {[%emt 0:00:04]} Ke7 {[%emt 0:02:09]} 34. Be5 {[%emt 0:02:40]} g5 {[%emt 0:02:35]} 35. hxg5 {[%emt 0:01:41]} hxg5 {[%emt 0:00:07]} 36. Ke3 {[%emt 0:00:24]} Kf8 {[%emt 0:00:51]} 37. Bc3 {[%emt 0:01:04]} Rh7 {[%emt 0:00:25]} 38. e5 {[%emt 0:03:03]} 1-0

[Event "World Senior chT-50 2019"]
[Site "Rhodes"]
[Date "2019.04.24"]
[Round "9.7"]
[White "Bellia, Fabrizio"]
[Black "Movsziszian, Karen"]
[Result "1/2-1/2"]
[WhiteElo "2447"]
[BlackElo "2485"]
[Annotator "ChessBase"]
[PlyCount "80"]
[EventDate "2019.04.16"]
[EventType "team-tourn"]
[EventCountry "GRE"]
[SourceTitle "playchess.com"]
[Source "ChessBase"]
[SourceQuality "1"]
[WhiteTeam "Italy"]
[BlackTeam "Armenia"]
[WhiteTeamCountry "ITA"]
[BlackTeamCountry "ARM"]
[TimeControl "40/5400+30:1800+30"]

1. e4 {[%emt 0:00:00]} Nc6 {[%emt 0:00:00]} 2. Nc3 {[%emt 0:00:34]} Nf6 {[%emt 0:00:03]} 3. d4 {[%emt 0:04:30]} d5 {[%emt 0:01:24]} 4. e5 {[%emt 0:04:19]} Nd7 {[%emt 0:00:03]} 5. Nf3 {[%emt 0:13:23]} Nb6 {[%emt 0:00:09]} 6. Be2 {[%emt 0:00:19]} Bg4 {[%emt 0:01:40]} 7. h3 {[%emt 0:00:44]} Bxf3 {[%emt 0:00:06]} 8. Bxf3 {[%emt 0:00:30]} e6 {[%emt 0:00:48]} 9. O-O {[%emt 0:00:53]} Be7 {[%emt 0:03:06]} 10. Ne2 {[%emt 0:06:00]} h5 {[%emt 0:00:46]} 11. Nf4 {[%emt 0:01:14]} g6 {[%emt 0:01:43]} 12. a4 {[%emt 0:03:30]} a5 {[%emt 0:03:29]} 13. c3 {[%emt 0:03:34]} Qd7 {[%emt 0:07:48]} 14. b3 {[%emt 0:02:51]} O-O-O {[%emt 0:05:30]} 15. Be3 {[%emt 0:05:18]} Kb8 {[%emt 0:01:05]} 16. Qe2 {[%emt 0:03:22]} Rhg8 {[%emt 0:00:34]} 17. Bd2 {[%emt 0:07:03]} Rde8 {[%emt 0:00:24]} 18. Qd3 {[%emt 0:02:45]} Ref8 {[%emt 0:04:02]} 19. Rfe1 {[%emt 0:01:21]} f5 {[%emt 0:04:07]} 20. exf6 {[%emt 0:00:34]} Rxf6 {[%emt 0:00:02]} 21. Qe2 {[%emt 0:00:58]} Nd8 {[%emt 0:02:15]} 22. Nd3 {[%emt 0:06:54]} Nf7 {[%emt 0:02:01]} 23. Ne5 {[%emt 0:02:51]} Nxe5 {[%emt 0:00:47]} 24. Qxe5 {[%emt 0:01:12]} Re8 {[%emt 0:07:40]} 25. Re2 {[%emt 0:01:32]} Bd8 {[%emt 0:03:08]} 26. Rae1 {[%emt 0:01:33]} Rf5 {[%emt 0:04:42]} 27. Qg3 {[%emt 0:02:00]} Qf7 {[%emt 0:00:04]} 28. Re5 {[%emt 0:00:33]} Rxe5 {[%emt 0:20:18]} 29. Qxe5 {[%emt 0:01:19]} Nd7 {[%emt 0:01:24]} 30. Qf4 {[%emt 0:02:08]} Qxf4 {[%emt 0:04:32]} 31. Bxf4 {[%emt 0:00:04]} Kc8 {[%emt 0:01:11]} 32. Bd1 {[%emt 0:04:06]} Bf6 {[%emt 0:04:36]} 33. Bc2 {[%emt 0:01:53]} g5 {[%emt 0:00:45]} 34. Bd2 {[%emt 0:00:23]} h4 {[%emt 0:01:45]} 35. Bf5 {[%emt 0:01:50]} Nf8 {[%emt 0:00:03]} 36. f4 {[%emt 0:02:11]} gxf4 {[%emt 0:00:28]} 37. Bxf4 {[%emt 0:00:04]} Kd7 {[%emt 0:00:37]} 38. Bd3 {[%emt 0:00:25]} Rc8 {[%emt 0:03:53]} 39. Be5 {[%emt 0:06:30]} Bg5 {[%emt 0:02:52]} 40. c4 {[%emt 0:00:00]} c6 {[%emt 0:00:00]} 1/2-1/2

[Event "World Senior chT-50 2019"]
[Site "Rhodes"]
[Date "2019.04.24"]
[Round "9.8"]
[White "Petrosian, Arshak B"]
[Black "Bruno, Fabio"]
[Result "1/2-1/2"]
[WhiteElo "2470"]
[BlackElo "2433"]
[Annotator "ChessBase"]
[PlyCount "61"]
[EventDate "2019.04.16"]
[EventType "team-tourn"]
[EventCountry "GRE"]
[SourceTitle "playchess.com"]
[Source "ChessBase"]
[SourceQuality "1"]
[WhiteTeam "Armenia"]
[BlackTeam "Italy"]
[WhiteTeamCountry "ARM"]
[BlackTeamCountry "ITA"]
[TimeControl "40/5400+30:1800+30"]

1. Nf3 {[%emt 0:02:26]} d5 {[%emt 0:00:02]} 2. g3 {[%emt 0:00:20]} c6 {[%emt 0:01:47]} 3. Bg2 {[%emt 0:00:12]} Nf6 {[%emt 0:00:10]} 4. O-O {[%emt 0:00:54]} Bf5 {[%emt 0:03:48]} 5. d3 {[%emt 0:00:35]} h6 {[%emt 0:00:10]} 6. Nbd2 {[%emt 0:04:03]} e6 {[%emt 0:00:37]} 7. Qe1 {[%emt 0:00:21]} Be7 {[%emt 0:00:27]} 8. e4 {[%emt 0:00:55]} Bh7 {[%emt 0:00:06]} 9. Qe2 {[%emt 0:00:34]} O-O {[%emt 0:00:09]} 10. Ne5 {[%emt 0:00:59]} Nbd7 {[%emt 0:05:00]} 11. Nxd7 {[%emt 0:00:25]} Qxd7 {[%emt 0:00:37]} 12. f4 {[%emt 0:04:11]} Qc7 {[%emt 0:04:55]} 13. g4 {[%emt 0:10:50]} Rfe8 {[%emt 0:08:18]} 14. Kh1 {[%emt 0:05:58]} Nd7 {[%emt 0:06:39]} 15. Nf3 {[%emt 0:25:42]} dxe4 {[%emt 0:11:33]} 16. dxe4 {[%emt 0:00:07]} Nc5 {[%emt 0:01:20]} 17. Ne1 {[%emt 0:16:15]} a5 {[%emt 0:10:39]} 18. Nd3 {[%emt 0:01:52]} Nxd3 {[%emt 0:03:19]} 19. Qxd3 {[%emt 0:05:55]} Rad8 {[%emt 0:03:00]} 20. Qf3 {[%emt 0:01:04]} Rd4 {[%emt 0:02:12]} 21. f5 {[%emt 0:07:33]} exf5 {[%emt 0:08:41]} 22. exf5 {[%emt 0:00:17]} Bg5 {[%emt 0:04:33]} 23. Bxg5 {[%emt 0:01:49]} hxg5 {[%emt 0:00:03]} 24. Rae1 {[%emt 0:00:38]} Red8 {[%emt 0:03:57]} 25. Re4 {[%emt 0:02:47]} Rxe4 {[%emt 0:02:01]} 26. Qxe4 {[%emt 0:00:01]} f6 {[%emt 0:01:09]} 27. Re1 {[%emt 0:00:20]} Kf8 {[%emt 0:00:20]} 28. Bf1 {[%emt 0:00:21]} Bg8 {[%emt 0:01:48]} 29. Bc4 {[%emt 0:00:16]} Bxc4 {[%emt 0:00:27]} 30. Qxc4 {[%emt 0:00:03]} Qd6 {[%emt 0:00:19]} 31. Qe4 {[%emt 0:04:19]} 1/2-1/2

[Event "World Senior chT-50 2019"]
[Site "Rhodes"]
[Date "2019.04.24"]
[Round "9.9"]
[White "Soffer, Ram"]
[Black "Olafsson, Helgi"]
[Result "1/2-1/2"]
[WhiteElo "2486"]
[BlackElo "2506"]
[Annotator "ChessBase"]
[PlyCount "41"]
[EventDate "2019.04.16"]
[EventType "team-tourn"]
[EventCountry "GRE"]
[SourceTitle "playchess.com"]
[Source "ChessBase"]
[SourceQuality "1"]
[WhiteTeam "Israel"]
[BlackTeam "Iceland"]
[WhiteTeamCountry "ISR"]
[BlackTeamCountry "ISL"]
[TimeControl "40/5400+30:1800+30"]

1. c4 {[%emt 0:00:00]} Nf6 {[%emt 0:00:51]} 2. Nc3 {[%emt 0:01:22]} e5 {[%emt 0:00:25]} 3. Nf3 {[%emt 0:00:07]} Nc6 {[%emt 0:00:04]} 4. e3 {[%emt 0:00:06]} Bb4 {[%emt 0:00:13]} 5. Qc2 {[%emt 0:00:11]} d6 {[%emt 0:00:22]} 6. Be2 {[%emt 0:07:15]} O-O {[%emt 0:02:17]} 7. O-O {[%emt 0:00:34]} Bg4 {[%emt 0:00:41]} 8. Nd5 {[%emt 0:03:58]} Re8 {[%emt 0:03:10]} 9. d3 {[%emt 0:05:09]} Bc5 {[%emt 0:04:33]} 10. Bd2 {[%emt 0:13:18]} Nxd5 {[%emt 0:03:58]} 11. cxd5 {[%emt 0:00:05]} Ne7 {[%emt 0:00:04]} 12. Qc4 {[%emt 0:06:21]} Bh5 {[%emt 0:03:13]} 13. Qh4 {[%emt 0:03:20]} Bg6 {[%emt 0:01:27]} 14. e4 {[%emt 0:00:26]} c6 {[%emt 0:00:22]} 15. dxc6 {[%emt 0:00:21]} Nxc6 {[%emt 0:00:41]} 16. Qxd8 {[%emt 0:01:13]} Rexd8 {[%emt 0:00:33]} 17. Rac1 {[%emt 0:03:01]} f6 {[%emt 0:01:47]} 18. Be3 {[%emt 0:11:04]} b6 {[%emt 0:16:36]} 19. a3 {[%emt 0:05:39]} a5 {[%emt 0:00:26]} 20. Rc3 {[%emt 0:05:41]} a4 {[%emt 0:07:14]} 21. Rfc1 {[%emt 0:00:14]} 1/2-1/2

[Event "World Senior chT-50 2019"]
[Site "Rhodes"]
[Date "2019.04.24"]
[Round "9.10"]
[White "Hjartarson, Johann"]
[Black "Manor, Ilan"]
[Result "0-1"]
[WhiteElo "2520"]
[BlackElo "2461"]
[Annotator "TA"]
[PlyCount "146"]
[EventDate "2019.04.16"]
[EventType "team-tourn"]
[EventCountry "GRE"]
[SourceTitle "playchess.com"]
[Source "ChessBase"]
[SourceQuality "1"]
[WhiteTeam "Iceland"]
[BlackTeam "Israel"]
[WhiteTeamCountry "ISL"]
[BlackTeamCountry "ISR"]

{[%evp 18,146,30,17,56,52,50,46,71,17,69,-6,-6,-14,10,4,8,7,0,7,7,0,0,0,0,0,0,0,0,4,6,3,32,45,47,35,104,81,132,18,47,30,26,20,48,-1,0,-39,-32,-15,-14,-42,-35,-81,-80,-72,-70,-70,-70,-70,-20,-79,-6,-2,-5,-91,-82,-85,-75,-150,-61,-52,-8,-81,-75,-91,-65,-66,-65,-65,-34,-78,-71,-104,-102,-165,-174,-216,-215,-771,-771,-771,-771,-767,0,-510,-524,-1318,-1209,-972,-671,-671,-671,-673,-672,-647,-190,-202,-44,-44,-44,-44,-43,-44,-47,-494,-489,-342,-256,-251,-240,-369,-361,-369,-361,-473,-473,-408,-298,-29969,-29968]} 1. d4 d5 2. c4 e6 3. Nc3 c5 4. cxd5 exd5 5. Nf3 Nc6 6. g3 c4 7. Bg2 Bb4 8. O-O Nge7 9. a3 Ba5 10. b4 Bc7 {D33: Tarrasch Defence: 6 g3 sidelines} (10... cxb3 11. Qxb3 O-O 12. Bg5 Bxc3 13. Qxc3 h6 14. Bxe7 Nxe7 15. Rfc1 Be6 16. Ne5 Rc8 17. Qb4 Rc7 18. Nd3 Nc6 19. Qa4 Qd6 20. Nf4 {1-0 (63) Bocharov,D (2611)-Chadaev,N (2459) Miass 2007}) 11. Bb2 O-O 12. Re1 $146 ({Predecessor:} 12. Rc1 f5 13. e3 a6 14. Rc2 b5 15. Rd2 Rb8 16. Ne1 a5 17. Nc2 Be6 18. Qb1 axb4 19. axb4 {½-½ (38) Bick,J (2296)-Zak,U (2341) Catalan Bay 2003}) 12... Bg4 {White is slightly better.} 13. h3 (13. e4 $16) 13... Bh5 (13... Bxf3 $11 14. Bxf3 f5) 14. Rc1 (14. e4 $1 $14) 14... f5 $11 15. e3 Qd7 16. b5 Na5 $1 17. Ne5 Bxe5 18. Qxh5 Bc7 19. a4 Nb3 20. Rc2 Kh8 21. Rd1 Rad8 22. Qe2 Bb8 23. h4 Qe6 24. Qf3 a6 25. Ba3 {And now Bxe7 would win.} Bd6 26. Bc5 {[%cal Rc3d5]} f4 (26... axb5 $14 27. Bxd6 Qxd6) 27. Bxd6 Rxd6 (27... Qxd6 $142 28. gxf4 Rf6) 28. exf4 (28. Re2 $16) 28... Nf5 29. Ne2 axb5 30. axb5 Qd7 31. Ra2 Qxb5 32. Nc3 Qd7 33. Nxd5 b5 $36 {[%mdl 2048] Black is more active.} 34. Qe4 Re8 35. Re1 Rxe4 36. Ra8+ Qd8 $1 37. Rxd8+ Rxd8 38. Rxe4 h5 39. Re6 (39. Re5 $11 {keeps the balance.} Nbxd4 40. Be4) 39... Rb8 (39... Rc8 $1 $17 40. Rb6 c3 41. Nxc3 Rxc3) 40. Nb4 Nbxd4 41. Ra6 (41. Re5 $11) 41... Re8 $17 42. Bd5 c3 43. Kf1 (43. Bf7 $142 Rc8 44. Bg6) 43... Rc8 ({Black should try} 43... c2 $17 44. Ra1 Rc8) 44. Be4 $15 Ne7 45. Rb6 (45. Ra7 $1 $11 Nec6 46. Nxc6 Nxc6 47. Rd7) 45... Kg8 $17 46. f3 Rc4 47. Nd3 c2 48. Nc1 Rc3 (48... Rb4 $5 {[%cal Rb4b1]} 49. Ke1 Rb1 $1 $15 {[%mdl 512]}) 49. Rb7 Kf7 50. Kf2 Ke6 51. g4 (51. Ke1 $17) 51... Ra3 $19 52. Rb6+ Kd7 $1 53. Ke1 $2 (53. Rb8) 53... hxg4 $1 {White must now prevent ...Ra1.} 54. Rb7+ Kd6 {aiming for ...Ra1.} 55. Rb6+ Kd7 56. Rb7+ $1 Ke8 57. Rc7 g3 58. Bxc2 Nd5 59. Bg6+ Kd8 60. Rxg7 {intending Be4.} Nxf3+ {[%mdl 64] Double Attack} 61. Kf1 Ne3+ $2 (61... Nxf4 {( -> ...g2+)} 62. Bd3 g2+ 63. Rxg2 Nxg2 64. Bxb5 Ngxh4) 62. Ke2 {Strongly threatening Rg8+.} g2 $2 ({But not} 62... Nxh4 63. Bd3 $17) ({Better is} 62... Nd4+ $19 63. Ke1 Nc4) 63. Bd3 $15 g1=Q 64. Rxg1 Nxg1+ 65. Kxe3 {[%mdl 4096] Endgame KRN-KBN} b4 {...b3 is the strong threat.} 66. Kd2 $2 {[%mdl 8192]} (66. h5 $1 $15) 66... Nf3+ $19 {[%mdl 64] Double Attack} 67. Kc2 Nxh4 68. Kb2 Nf3 $1 69. Bc4 (69. Bc2 $142) 69... Rc3 70. Bd5 {[#]} Ne1 $1 71. Na2 {[#]} Nd3+ $1 {[%mdl 64] Double Attack} 72. Kb1 Rc5 73. Bf3 $2 (73. Be4 $19 Ne1 74. Kb2) 73... b3 {Accuracy: White = 37%, Black = 52%.} 0-1

[Event "World Senior chT-50 2019"]
[Site "Rhodes"]
[Date "2019.04.24"]
[Round "9.11"]
[White "Kaspi, Alexander"]
[Black "Petursson, Margeir"]
[Result "1-0"]
[WhiteElo "2452"]
[BlackElo "2492"]
[Annotator "TA"]
[PlyCount "107"]
[EventDate "2019.04.16"]
[EventType "team-tourn"]
[EventCountry "GRE"]
[SourceTitle "playchess.com"]
[Source "ChessBase"]
[SourceQuality "1"]
[WhiteTeam "Israel"]
[BlackTeam "Iceland"]
[WhiteTeamCountry "ISR"]
[BlackTeamCountry "ISL"]

{[%evp 12,115,32,0,0,-12,13,-3,6,0,20,0,7,0,6,5,5,6,12,0,27,10,0,7,34,24,24,35,31,32,33,22,41,26,31,10,64,31,39,4,0,0,10,0,0,0,0,0,0,0,0,-16,-16,-41,0,-114,-91,-70,-66,-91,-64,-61,-13,-13,-20,-22,-33,-28,-64,-52,-30,-156,-191,-170,0,0,0,0,0,0,0,0,0,0,142,144,283,283,250,206,305,305,325,305,675,675,6028,6060,3177,3177,1502,1118,1327,1286,1602,1525]} 1. d4 Nf6 2. c4 e6 3. Nf3 Bb4+ 4. Nbd2 b6 5. a3 Bxd2+ 6. Qxd2 Bb7 7. g3 d5 {E11: Bogo-Indian} 8. cxd5 Bxd5 9. Bg2 Nbd7 {The position is equal.} 10. O-O a5 11. a4 $146 ({Predecessor:} 11. Qf4 Qb8 12. Re1 Qb7 13. Bd2 O-O 14. Bc3 Ne4 15. Rac1 {1-0 (44) Hillarp Persson,T (2574)-Schussler,H (2464) Sweden 2005}) 11... O-O 12. Qe3 Qc8 13. b3 Qb7 14. Ba3 Rfc8 15. Rfc1 h6 16. Bh3 Ne4 17. Ne5 Nxe5 18. dxe5 Ng5 19. Bf1 c5 20. f3 Rd8 21. h4 Nh7 22. Bb2 Nf8 23. Qc3 Ng6 (23... Bc6 $11) 24. e4 Bc6 25. Qe3 Qc7 26. f4 Rd7 27. Rd1 (27. Bc3 {keeps more tension.} Bb7 28. Bb5 Bc6 29. Bc4 Bb7 30. Rd1) 27... Rad8 28. Rxd7 Rxd7 29. Bc3 Ne7 30. Re1 Bb7 31. Bb5 Rd8 32. Bc4 Qc8 33. g4 (33. Qe2 $11 {remains equal.}) 33... Ba6 $17 34. f5 Bxc4 35. bxc4 Qd7 36. f6 Ng6 37. h5 {Hoping for fxg7.} Nf8 $1 {[%cal Rf8h7]} 38. fxg7 Nh7 {White must now prevent ...Ng5.} 39. Qxh6 Qd3 40. Qe3 $1 {[%cal Re3d3]} Kxg7 41. Kf2 (41. Qxd3 $1 $11 Rxd3 42. Bb2) 41... Qxc4 {aiming for ...Rd3.} 42. Bd2 Rd3 $2 ({Black should play} 42... Qxa4 $19 43. Qf4 Kh8) 43. Qf4 $1 $11 {g5 is the strong threat.} Qc2 44. Re2 {And now g5 would win.} Qd1 45. Be3 Qh1 46. Re1 Qh4+ 47. Ke2 Rd7 {[#]} (47... Ra3 $11) 48. Rb1 $1 $36 {[%cal Rb1b6][%mdl 2048] White is on the roll.} Qh3 (48... Rb7 $16 49. h6+ Kg8) 49. Rxb6 $18 {White threatens Qh6+ and mate.} Qg2+ 50. Ke1 {Threatening mate with Qh6+.} Qh1+ (50... Rd8 {is a better defense.} 51. Rb7 (51. Bxc5 Qh1+ 52. Kf2 Rd1 $11) 51... Kh8 52. Rxf7 (52. Bxc5 Qc2 $11) (52. Qxf7 $2 Qh1+ 53. Ke2 Qd1+ {[%mdl 64] Double Attack} 54. Kf2 Rf8 $19) 52... Rb8) 51. Kf2 {White wants to mate with Qh6+.} Qh4+ 52. Ke2 Qe7 $2 (52... Qd8 53. Bxc5 Rc7) 53. g5 {White is clearly winning.} Rb7 {[#]} 54. g6 {Played: Qf4-f6} 1-0

[Event "World Senior chT-50 2019"]
[Site "Rhodes"]
[Date "2019.04.24"]
[Round "9.12"]
[White "Thorhallsson, Throstur"]
[Black "Gruenfeld, Yehuda"]
[Result "1-0"]
[WhiteElo "2425"]
[BlackElo "2428"]
[Annotator "ChessBase"]
[PlyCount "57"]
[EventDate "2019.04.16"]
[EventType "team-tourn"]
[EventCountry "GRE"]
[SourceTitle "playchess.com"]
[Source "ChessBase"]
[SourceQuality "1"]
[WhiteTeam "Iceland"]
[BlackTeam "Israel"]
[WhiteTeamCountry "ISL"]
[BlackTeamCountry "ISR"]
[TimeControl "40/5400+30:1800+30"]

1. e4 {[%emt 0:00:00]} c5 {[%emt 0:00:00]} 2. Nf3 {[%emt 0:00:36]} d6 {[%emt 0:00:00]} 3. d4 {[%emt 0:00:20]} cxd4 {[%emt 0:00:00]} 4. Nxd4 {[%emt 0:00:10]} Nf6 {[%emt 0:00:00]} 5. f3 {[%emt 0:00:13]} e5 {[%emt 0:18:19]} 6. Nb3 {[%emt 0:00:53]} Be6 {[%emt 0:01:59]} 7. c4 {[%emt 0:00:27]} a5 {[%emt 0:02:19]} 8. Be3 {[%emt 0:06:46]} a4 {[%emt 0:05:59]} 9. N3d2 {[%emt 0:01:38]} Qa5 {[%emt 0:00:11]} 10. Na3 {[%emt 0:08:10]} Nbd7 {[%emt 0:01:30]} 11. Be2 {[%emt 0:05:10]} Be7 {[%emt 0:00:29]} 12. O-O {[%emt 0:02:33]} O-O {[%emt 0:01:49]} 13. Ndb1 {[%emt 0:09:43]} Rfc8 {[%emt 0:09:18]} 14. Qd2 {[%emt 0:07:12]} Bd8 {[%emt 0:06:49]} 15. Nc3 {[%emt 0:11:06]} Bb6 {[%emt 0:00:39]} 16. Rfd1 {[%emt 0:01:53]} Bc5 {[%emt 0:12:04]} 17. Nab5 {[%emt 0:05:07]} Ne8 {[%emt 0:02:13]} 18. Bxc5 {[%emt 0:06:49]} dxc5 {[%emt 0:01:05]} 19. f4 {[%emt 0:05:18]} exf4 {[%emt 0:04:05]} 20. Qxf4 {[%emt 0:00:15]} Qd8 {[%emt 0:05:40]} 21. e5 {[%emt 0:01:42]} Qe7 {[%emt 0:00:17]} 22. Bf3 {[%emt 0:02:03]} Nb6 {[%emt 0:00:55]} 23. Nd5 {[%emt 0:01:13]} Nxd5 {[%emt 0:01:13]} 24. cxd5 {[%emt 0:00:18]} Bd7 {[%emt 0:00:06]} 25. Nc3 {[%emt 0:00:50]} b5 {[%emt 0:05:11]} 26. d6 {[%emt 0:01:23]} Qf8 {[%emt 0:00:04]} 27. Bxa8 {[%emt 0:01:09]} Rxa8 {[%emt 0:00:07]} 28. Nd5 {[%emt 0:00:17]} h6 {[%emt 0:07:03]} 29. Ne7+ {[%emt 0:00:26]} 1-0

[Event "World Senior chT-50 2019"]
[Site "Rhodes"]
[Date "2019.04.24"]
[Round "9.13"]
[White "Boensch, Uwe"]
[Black "Speelman, Jon S"]
[Result "1/2-1/2"]
[WhiteElo "2525"]
[BlackElo "2509"]
[Annotator "ChessBase"]
[PlyCount "32"]
[EventDate "2019.04.16"]
[EventType "team-tourn"]
[EventCountry "GRE"]
[SourceTitle "playchess.com"]
[Source "ChessBase"]
[SourceQuality "1"]
[WhiteTeam "Germany"]
[BlackTeam "England"]
[WhiteTeamCountry "GER"]
[BlackTeamCountry "ENG"]
[TimeControl "40/5400+30:1800+30"]

1. d4 {[%emt 0:00:00]} e6 {[%emt 0:00:46]} 2. c4 {[%emt 0:00:00]} b6 {[%emt 0:00:07]} 3. Nf3 {[%emt 0:00:30]} Bb7 {[%emt 0:00:14]} 4. g3 {[%emt 0:00:10]} Bb4+ {[%emt 0:00:49]} 5. Bd2 {[%emt 0:00:07]} Bxf3 {[%emt 0:00:14]} 6. exf3 {[%emt 0:00:03]} Bxd2+ {[%emt 0:00:08]} 7. Qxd2 {[%emt 0:02:22]} Nf6 {[%emt 0:00:25]} 8. Nc3 {[%emt 0:05:32]} O-O {[%emt 0:00:58]} 9. Be2 {[%emt 0:06:49]} c6 {[%emt 0:04:18]} 10. O-O {[%emt 0:05:39]} d5 {[%emt 0:01:09]} 11. Rfd1 {[%emt 0:01:29]} dxc4 {[%emt 0:03:41]} 12. Bxc4 {[%emt 0:00:14]} Nbd7 {[%emt 0:00:04]} 13. Rac1 {[%emt 0:00:56]} Rc8 {[%emt 0:02:26]} 14. b4 {[%emt 0:05:46]} Nd5 {[%emt 0:03:19]} 15. Ne4 {[%emt 0:01:35]} Qe7 {[%emt 0:04:00]} 16. a3 {[%emt 0:02:34]} h6 {[%emt 0:00:06]} 1/2-1/2

[Event "World Senior chT-50 2019"]
[Site "Rhodes"]
[Date "2019.04.24"]
[Round "9.15"]
[White "Brendel, Oliver"]
[Black "Emms, John M"]
[Result "1/2-1/2"]
[WhiteElo "2339"]
[BlackElo "2474"]
[Annotator "ChessBase"]
[PlyCount "68"]
[EventDate "2019.04.16"]
[EventType "team-tourn"]
[EventCountry "GRE"]
[SourceTitle "playchess.com"]
[Source "ChessBase"]
[SourceQuality "1"]
[WhiteTeam "Germany"]
[BlackTeam "England"]
[WhiteTeamCountry "GER"]
[BlackTeamCountry "ENG"]
[TimeControl "40/5400+30:1800+30"]

1. c4 {[%emt 0:00:00]} g6 {[%emt 0:02:36]} 2. g3 {[%emt 0:00:00]} Bg7 {[%emt 0:00:05]} 3. Bg2 {[%emt 0:00:00]} Nf6 {[%emt 0:00:13]} 4. Nc3 {[%emt 0:00:43]} O-O {[%emt 0:00:16]} 5. e4 {[%emt 0:00:35]} c5 {[%emt 0:00:36]} 6. Nge2 {[%emt 0:00:11]} Nc6 {[%emt 0:00:13]} 7. d3 {[%emt 0:01:48]} a6 {[%emt 0:01:03]} 8. a3 {[%emt 0:03:38]} d6 {[%emt 0:13:02]} 9. O-O {[%emt 0:00:53]} Rb8 {[%emt 0:01:01]} 10. Rb1 {[%emt 0:01:42]} b5 {[%emt 0:00:23]} 11. cxb5 {[%emt 0:00:35]} axb5 {[%emt 0:00:05]} 12. b4 {[%emt 0:00:19]} Ba6 {[%emt 0:01:07]} 13. h3 {[%emt 0:14:07]} Nd7 {[%emt 0:04:17]} 14. Be3 {[%emt 0:05:14]} Nd4 {[%emt 0:08:30]} 15. Qd2 {[%emt 0:07:25]} Nb6 {[%emt 0:07:22]} 16. Bh6 {[%emt 0:11:13]} Bxh6 {[%emt 0:10:10]} 17. Qxh6 {[%emt 0:00:06]} Na4 {[%emt 0:00:05]} 18. f4 {[%emt 0:10:16]} Nxc3 {[%emt 0:16:05]} 19. Nxc3 {[%emt 0:00:10]} f5 {[%emt 0:10:09]} 20. g4 {[%emt 0:02:34]} e6 {[%emt 0:01:28]} 21. exf5 {[%emt 0:02:00]} gxf5 {[%emt 0:01:07]} 22. gxf5 {[%emt 0:06:07]} exf5 {[%emt 0:04:14]} 23. Nd5 {[%emt 0:01:58]} Rb7 {[%emt 0:06:38]} 24. Kh2 {[%emt 0:11:06]} Rg7 {[%emt 0:05:07]} 25. Bh1 {[%emt 0:00:27]} Kh8 {[%emt 0:04:36]} 26. Rg1 {[%emt 0:01:09]} Rff7 {[%emt 0:00:26]} 27. bxc5 {[%emt 0:05:20]} Bb7 {[%emt 0:01:41]} 28. cxd6 {[%emt 0:01:12]} Qa5 {[%emt 0:00:28]} 29. Nb4 {[%emt 0:10:01]} Bxh1 {[%emt 0:00:34]} 30. Rxg7 {[%emt 0:00:28]} Rxg7 {[%emt 0:00:13]} 31. Qf6 {[%emt 0:00:14]} Qa8 {[%emt 0:00:48]} 32. Nc6 {[%emt 0:02:49]} Qxc6 {[%emt 0:00:46]} 33. Qd8+ {[%emt 0:00:06]} Rg8 {[%emt 0:00:10]} 34. Qf6+ {[%emt 0:00:05]} Rg7 {[%emt 0:00:05]} 1/2-1/2